|
|
|
|
| LEADER |
00000nam0a2200000 4500 |
| 001 |
161831 |
| 005 |
20231031160041.0 |
| 010 |
|
|
|a 3800915782
|
| 035 |
|
|
|a (RuTPU)RU\TPU\book\175499
|
| 090 |
|
|
|a 161831
|
| 100 |
|
|
|a 20090615d1991 m y0rusy50 ca
|
| 101 |
0 |
|
|a ger
|
| 102 |
|
|
|a DE
|
| 105 |
|
|
|a a z 001zy
|
| 200 |
1 |
|
|a CAD/СAM-Basisbetrachtungen
|f D. Franz
|
| 210 |
|
|
|a Berlin
|c Herausgeber und Verlag
|d 1991
|
| 215 |
|
|
|a 168 с.
|c il.
|
| 320 |
|
|
|a Literatur: p. 160.
|
| 320 |
|
|
|a Glossary: p. 161-168.
|
| 610 |
1 |
|
|a графические редакторы
|
| 610 |
1 |
|
|a графические средства
|
| 610 |
1 |
|
|a графические системы
|
| 610 |
1 |
|
|a программирование
|
| 610 |
1 |
|
|a программное обеспечение
|
| 610 |
1 |
|
|a CAD-CAM-системы
|
| 610 |
1 |
|
|a немецкий язык
|
| 675 |
|
|
|a 681.327.1
|v 3
|
| 700 |
|
1 |
|a Franz
|b D.
|g Dieter
|
| 801 |
|
1 |
|a RU
|b 63413507
|c 20090615
|g PSBO
|
| 801 |
|
2 |
|a RU
|b 63413507
|c 20100302
|g RCR
|
| 942 |
|
|
|c BK
|